| 000 | 00752 a2200181 4500 | ||
|---|---|---|---|
| 003 | Nust | ||
| 005 | 20221229120710.0 | ||
| 040 | _cNust | ||
| 082 | _a355.02,KEA | ||
| 100 |
_aA. Kearsey _9106337 |
||
| 245 |
_aNotes and lectures on the campaign in mesopotamia / _cA. Kearsey |
||
| 260 |
_aHugh Rees Ltd _bLondon _c1927 |
||
| 300 |
_a106 p _billus _c18 cm |
||
| 505 | _aFrom The Beginning of the Campaign (Page-9), To the Occupation of Azizen (Page-27), To The Third Attempt to Relieve Kut (Page-36), General Maude Campaign up to The Capture of Bagdad (Page-50), To The end of the Mesopotamian Campaign (Page-65). | ||
| 600 |
_aA. Kearsey _9106337 |
||
| 650 |
_aNotes and lectures on the campaign in mesopotamia _9106338 |
||
| 942 |
_2ddc _cBK _k355.02,KEA |
||
| 999 |
_c185503 _d185503 |
||